[Event "NOR-ch Youth 2019"]
[Site "Skien"]
[Date "2019.11.10"]
[Round "6.22"]
[White "Ji, Jiahao Eric"]
[Black "Myagmarsuren, Evsuld"]
[Result "1-0"]
[WhiteElo "1667"]
[BlackElo "1471"]
[Annotator "NA RC"]
[PlyCount "73"]
[EventDate "2019.11.08"]
[EventType "swiss"]
[EventCountry "NOR"]
[SourceTitle "playchess.com"]
[Source "ChessBase"]
[SourceQuality "1"]
[TimeControl "5400+30"]

1. e4 {[%emt 0:00:00]} c5 {[%emt 0:00:00]} 2. Nf3 {[%emt 0:00:00]} d6 {[%emt 0:00:00]} 3. c3 {[%emt 0:00:00]} Nf6 {[%emt 0:00:22]} 4. Be2 {[%emt 0:00:11]} Bd7 {[%emt 0:00:22]} 5. d3 {[%emt 0:00:20]} e5 {[%emt 0:00:56]} 6. O-O {[%emt 0:00:19]} Be7 {[%emt 0:00:25]} 7. Bg5 {[%emt 0:01:58]} Nc6 {[%emt 0:02:48]} 8. Nbd2 {[%emt 0:00:39]} O-O {[%emt 0:01:36]} 9. Nc4 {[%emt 0:01:12]} Qc7 {[%emt 0:02:23]} 10. Qc2 {[%emt 0:02:58]} b5 {[%emt 0:06:58]} 11. Ne3 {[%emt 0:00:38]} b4 {[%emt 0:01:49]} 12. Bxf6 {[%emt 0:00:22]} Bxf6 {[%emt 0:01:22]} 13. Nd5 {[%emt 0:00:09]} Qd8 {[%emt 0:00:39]} 14. cxb4 {[%emt 0:07:31]} Nxb4 {[%emt 0:01:54]} 15. Nxb4 {[%emt 0:00:07]} cxb4 {[%emt 0:00:12]} 16. Rac1 {[%emt 0:02:28]} Rc8 {[%emt 0:04:07]} 17. Qb3 {[%emt 0:06:33]} Qb6 {[%emt 0:01:41]} 18. a3 {[%emt 0:03:10]} a5 {[%emt 0:05:23]} 19. axb4 {[%emt 0:01:42]} axb4 {[%emt 0:05:31]} 20. Ra1 {[%emt 0:00:46]} Be6 {[%emt 0:00:30]} 21. Qa4 {[%emt 0:00:30]} b3 {[%emt 0:00:30]} 22. Rfc1 {[%emt 0:08:50]} Qb7 {[%emt 0:02:35]} 23. Rxc8 {[%emt 0:00:00]} Rxc8 {[%emt 0:06:59]} 24. Bd1 {[%emt 0:00:55]} h6 {[%emt 0:00:00]} 25. Nd2 {[%emt 0:01:59]} Bg5 {[%emt 0:06:57]} 26. Nxb3 {[%emt 0:04:21]} Bxb3 {[%emt 0:00:00]} 27. Bxb3 {[%emt 0:00:59]} Rc1+ {[%emt 0:00:00]} 28. Rxc1 {[%emt 0:03:42]} Bxc1 {[%emt 0:00:07]} 29. Qe8+ {[%emt 0:02:01]} Kh7 {[%emt 0:00:00]} 30. Bxf7 {[%emt 0:00:00]} h5 {[%emt 0:00:00]} 31. Qg8+ {[%emt 0:00:00]} Kh6 {[%emt 0:00:00]} 32. Qh8+ {[%emt 0:00:00]} Kg5 {[%emt 0:00:00]} 33. Qxh5+ {[%emt 0:01:12]} Kf6 {[%emt 0:01:39]} 34. Qg6+ {[%emt 0:02:15]} Ke7 {[%emt 0:00:00]} 35. Qe6+ {[%emt 0:00:45]} Kd8 36. Qxd6+ {[%emt 0:00:12]} Qd7 {[%emt 0:00:00]} 37. Qc5 {[%emt 0:00:18]} 1-0

[Event "NOR-ch Youth 2019"]
[Site "Skien"]
[Date "2019.11.10"]
[Round "6.23"]
[White "Kramer, Nikolai"]
[Black "Haug, Havard"]
[Result "0-1"]
[WhiteElo "1082"]
[BlackElo "1544"]
[Annotator "NA RC"]
[PlyCount "90"]
[EventDate "2019.11.08"]
[EventType "swiss"]
[EventCountry "NOR"]
[SourceTitle "playchess.com"]
[Source "ChessBase"]
[SourceQuality "1"]
[TimeControl "5400+30"]

1. e4 {[%emt 0:00:00]} c5 {[%emt 0:00:00]} 2. Nc3 {[%emt 0:00:00]} d6 {[%emt 0:00:09]} 3. g3 {[%emt 0:00:48]} g6 {[%emt 0:00:08]} 4. Bg2 {[%emt 0:00:57]} Bg7 {[%emt 0:00:26]} 5. d3 {[%emt 0:00:47]} Nc6 {[%emt 0:01:54]} 6. Be3 {[%emt 0:01:35]} e6 {[%emt 0:00:45]} 7. Qd2 {[%emt 0:00:47]} Nge7 {[%emt 0:00:39]} 8. Bh6 {[%emt 0:03:08]} O-O {[%emt 0:00:27]} 9. Bxg7 {[%emt 0:00:40]} Kxg7 {[%emt 0:00:11]} 10. f4 {[%emt 0:02:52]} d5 {[%emt 0:02:18]} 11. Nf3 {[%emt 0:02:06]} d4 {[%emt 0:04:51]} 12. Ne2 {[%emt 0:00:50]} f5 {[%emt 0:00:41]} 13. O-O {[%emt 0:01:20]} Qa5 {[%emt 0:00:23]} 14. Qxa5 {[%emt 0:01:15]} Nxa5 {[%emt 0:00:07]} 15. Ne5 {[%emt 0:02:01]} Nac6 {[%emt 0:00:43]} 16. Nc4 {[%emt 0:03:27]} b5 {[%emt 0:01:04]} 17. Nd6 {[%emt 0:00:46]} Ba6 {[%emt 0:01:23]} 18. e5 {[%emt 0:02:40]} Nd5 {[%emt 0:01:35]} 19. Bxd5 {[%emt 0:01:48]} exd5 {[%emt 0:00:09]} 20. h3 {[%emt 0:02:52]} Nd8 {[%emt 0:03:23]} 21. Rf2 {[%emt 0:01:13]} Nf7 {[%emt 0:00:28]} 22. Nxf7 {[%emt 0:01:01]} Rxf7 {[%emt 0:00:07]} 23. Kg2 {[%emt 0:05:32]} b4 {[%emt 0:00:31]} 24. Ng1 {[%emt 0:01:50]} c4 {[%emt 0:00:43]} 25. dxc4 {[%emt 0:01:13]} dxc4 {[%emt 0:01:56]} 26. Rd1 {[%emt 0:01:24]} Rd8 {[%emt 0:01:44]} 27. Nf3 {[%emt 0:00:19]} Bb7 {[%emt 0:00:39]} 28. Kh2 {[%emt 0:00:39]} Bxf3 {[%emt 0:00:18]} 29. Rxf3 {[%emt 0:00:06]} Rfd7 {[%emt 0:00:13]} 30. g4 {[%emt 0:01:22]} Kf7 {[%emt 0:01:00]} 31. Re1 {[%emt 0:00:46]} Ke6 {[%emt 0:00:18]} 32. Kg2 {[%emt 0:00:34]} c3 {[%emt 0:00:44]} 33. bxc3 {[%emt 0:01:00]} dxc3 {[%emt 0:00:10]} 34. Rfe3 {[%emt 0:02:46]} Rd5 {[%emt 0:03:46]} 35. Kf3 {[%emt 0:00:25]} Ra5 {[%emt 0:00:20]} 36. Ra1 {[%emt 0:00:37]} Ra3 {[%emt 0:01:07]} 37. Re2 {[%emt 0:03:11]} a5 {[%emt 0:01:13]} 38. Ke3 {[%emt 0:00:35]} a4 {[%emt 0:00:15]} 39. Ree1 {[%emt 0:00:51]} Rd2 {[%emt 0:01:18]} 40. Reb1 {[%emt 0:02:22]} Rxc2 {[%emt 0:04:01]} 41. Rxb4 {[%emt 0:00:10]} Rb2 {[%emt 0:00:49]} 42. Rc4 {[%emt 0:01:04]} c2+ {[%emt 0:00:22]} 43. Kd4 {[%emt 0:04:06]} Rb1 {[%emt 0:00:15]} 44. Rc6+ {[%emt 0:00:47]} Kd7 {[%emt 0:00:09]} 45. e6+ {[%emt 0:01:01]} Kxc6 {[%emt 0:00:19]} 0-1

[Event "NOR-ch Youth 2019"]
[Site "Skien"]
[Date "2019.11.10"]
[Round "7.1"]
[White "Lund, Gunnar"]
[Black "Unhjem, Bjorn Robert Lovoll"]
[Result "1-0"]
[WhiteElo "2274"]
[BlackElo "1942"]
[Annotator "ChessBase"]
[PlyCount "44"]
[EventDate "2019.11.08"]
[EventType "swiss"]
[EventCountry "NOR"]
[SourceTitle "playchess.com"]
[Source "ChessBase"]
[SourceQuality "1"]
[TimeControl "5400+30"]

1. d4 {[%emt 0:00:00]} Nf6 {[%emt 0:06:33]} 2. Bf4 {[%emt 0:00:00]} d5 {[%emt 0:04:20]} 3. e3 {[%emt 0:00:00]} c5 {[%emt 0:00:29]} 4. c3 {[%emt 0:00:00]} Nc6 {[%emt 0:00:05]} 5. Nd2 {[%emt 0:00:02]} Bf5 {[%emt 0:01:43]} 6. Qb3 {[%emt 0:00:16]} Qc8 {[%emt 0:01:00]} 7. Ngf3 {[%emt 0:00:06]} e6 {[%emt 0:00:28]} 8. Nh4 {[%emt 0:00:07]} Bg6 {[%emt 0:00:38]} 9. Nxg6 {[%emt 0:05:41]} hxg6 {[%emt 0:00:04]} 10. Be2 {[%emt 0:00:35]} Nh5 {[%emt 0:01:17]} 11. Bg5 {[%emt 0:11:08]} Bd6 {[%emt 0:04:51]} 12. dxc5 {[%emt 0:04:25]} Bxc5 {[%emt 0:00:18]} 13. O-O-O {[%emt 0:00:16]} d4 {[%emt 0:00:38]} 14. exd4 {[%emt 0:05:05]} Bxd4 {[%emt 0:00:53]} 15. Nc4 {[%emt 0:09:14]} Bc5 {[%emt 0:00:03]} 16. Qb5 {[%emt 0:01:45]} Bf8 {[%emt 0:01:02]} 17. Rd8+ {[%emt 0:01:43]} Qxd8 {[%emt 0:00:01]} 18. Bxd8 {[%emt 0:00:10]} Rxd8 {[%emt 0:00:07]} 19. Qxb7 {[%emt 0:00:45]} Ne7 {[%emt 0:00:14]} 20. Qb5+ {[%emt 0:00:55]} Rd7 {[%emt 0:00:14]} 21. Nd6+ {[%emt 0:00:12]} Kd8 {[%emt 0:00:02]} 22. Qb8+ {[%emt 0:01:19]} Nc8 {[%emt 0:00:01]} 1-0

[Event "NOR-ch Youth 2019"]
[Site "Skien"]
[Date "2019.11.10"]
[Round "7.2"]
[White "Risting, Eivind Olav"]
[Black "Hestvik, Elias"]
[Result "1-0"]
[WhiteElo "2298"]
[BlackElo "1784"]
[Annotator "NA"]
[PlyCount "47"]
[EventDate "2019.11.08"]
[EventType "swiss"]
[EventCountry "NOR"]
[SourceTitle "playchess.com"]
[Source "ChessBase"]
[SourceQuality "1"]
[TimeControl "5400+30"]

1. Nf3 {[%emt 0:00:00]} d5 {[%emt 0:03:46]} 2. c4 {[%emt 0:00:00]} c6 {[%emt 0:01:18]} 3. e3 {[%emt 0:00:52]} Nf6 {[%emt 0:01:07]} 4. Nc3 {[%emt 0:00:40]} e6 {[%emt 0:01:42]} 5. b3 {[%emt 0:01:25]} Be7 {[%emt 0:02:39]} 6. Bb2 {[%emt 0:00:26]} O-O {[%emt 0:00:37]} 7. Qc2 {[%emt 0:03:30]} Nbd7 {[%emt 0:02:58]} 8. Be2 {[%emt 0:03:45]} b6 {[%emt 0:02:29]} 9. O-O {[%emt 0:05:22]} Bb7 {[%emt 0:03:55]} 10. d4 {[%emt 0:00:18]} Qc7 {[%emt 0:02:10]} 11. Rfd1 $11 {[%emt 0:02:18]} Rac8 {[%emt 0:04:43]} 12. Rac1 {[%emt 0:18:36]} Rfd8 {[%emt 0:08:30]} 13. h3 {[%emt 0:04:23]} a6 {[%emt 0:07:10]} 14. Bd3 {[%emt 0:01:55]} c5 {[%emt 0:03:58]} 15. cxd5 {[%emt 0:02:04]} cxd4 {[%emt 0:03:59]} 16. Nxd4 {[%emt 0:03:42]} exd5 {[%emt 0:04:02]} 17. Qe2 {[%emt 0:01:03]} Nc5 {[%emt 0:03:08]} 18. Bf5 {[%emt 0:01:30]} Ra8 {[%emt 0:05:49]} 19. b4 {[%emt 0:01:28]} Ncd7 {[%emt 0:00:31]} 20. Nxd5 {[%emt 0:00:36]} Qd6 {[%emt 0:00:22]} 21. Nxe7+ {[%emt 0:00:57]} Qxe7 {[%emt 0:00:12]} 22. Nc6 {[%emt 0:04:41]} Bxc6 {[%emt 0:01:21]} 23. Rxc6 {[%emt 0:00:08]} Qxb4 {[%emt 0:04:05]} 24. Rcd6 {[%emt 0:01:03]} 1-0

[Event "NOR-ch Youth 2019"]
[Site "Skien"]
[Date "2019.11.10"]
[Round "7.3"]
[White "Holm, Karl Oskar Magnus"]
[Black "Vestby-Ellingsen, Mads"]
[Result "0-1"]
[WhiteElo "1751"]
[BlackElo "2351"]
[Annotator "NA"]
[PlyCount "92"]
[EventDate "2019.11.08"]
[EventType "swiss"]
[EventCountry "NOR"]
[SourceTitle "playchess.com"]
[Source "ChessBase"]
[SourceQuality "1"]
[TimeControl "5400+30"]

1. d4 {[%emt 0:05:20]} Nf6 {[%emt 0:00:18]} 2. c4 {[%emt 0:00:05]} g6 {[%emt 0:00:16]} 3. Nc3 {[%emt 0:00:10]} Bg7 {[%emt 0:01:46]} 4. e4 {[%emt 0:00:12]} d6 {[%emt 0:00:10]} 5. f3 {[%emt 0:00:46]} O-O {[%emt 0:00:29]} 6. Nge2 {[%emt 0:00:16]} c5 {[%emt 0:00:51]} 7. Be3 {[%emt 0:04:19]} Nc6 {[%emt 0:01:41]} 8. Qd2 {[%emt 0:01:44]} (8. d5 $5 {[%cal Rd5c6]} Ne5 9. Ng3 $11) 8... Qa5 {[%emt 0:10:58]} 9. d5 {[%emt 0:26:18]} Ne5 {[%emt 0:00:35]} 10. Ng3 {[%emt 0:00:14]} e6 {[%emt 0:02:51]} 11. Be2 {[%emt 0:01:43]} exd5 {[%emt 0:01:49]} 12. cxd5 {[%emt 0:00:15]} a6 {[%emt 0:01:39]} 13. O-O $14 {[%emt 0:01:52]} b5 {[%emt 0:00:58]} 14. h3 {[%emt 0:07:28]} Re8 {[%emt 0:04:55]} 15. b3 {[%emt 0:09:13]} h5 {[%emt 0:03:43]} 16. a4 {[%emt 0:04:04]} b4 {[%emt 0:00:35]} 17. Nd1 {[%emt 0:00:56]} h4 {[%emt 0:12:01]} 18. Nh1 {[%emt 0:00:18]} Nh7 {[%emt 0:00:17]} 19. Nb2 {[%emt 0:01:02]} f5 {[%emt 0:01:06]} 20. Rad1 {[%emt 0:06:05]} fxe4 {[%emt 0:02:25]} 21. fxe4 {[%emt 0:00:14]} Qd8 {[%emt 0:00:32]} 22. Nd3 {[%emt 0:03:29]} Nxd3 {[%emt 0:22:26]} 23. Bxd3 {[%emt 0:00:29]} Be5 {[%emt 0:00:09]} 24. Be2 {[%emt 0:14:44]} Qe7 {[%emt 0:03:56]} 25. Bd3 {[%emt 0:01:36]} g5 {[%emt 0:06:14]} 26. Nf2 {[%emt 0:00:35]} Qg7 {[%emt 0:01:05]} 27. Qe2 {[%emt 0:00:17]} Nf6 {[%emt 0:00:57]} 28. Ng4 {[%emt 0:02:16]} Nxg4 {[%emt 0:00:13]} 29. hxg4 {[%emt 0:00:07]} Ra7 {[%emt 0:01:26]} 30. Qf3 {[%emt 0:05:41]} Qg6 {[%emt 0:00:47]} 31. Qh3 {[%emt 0:00:27]} Rae7 {[%emt 0:00:46]} 32. Rf3 {[%emt 0:00:30]} Rg7 {[%emt 0:01:43]} 33. Rdf1 {[%emt 0:00:20]} Rd8 {[%emt 0:00:56]} 34. Rd1 {[%emt 0:00:11]} Qe8 {[%emt 0:00:26]} 35. Rdf1 {[%emt 0:00:14]} Qe7 {[%emt 0:00:57]} 36. Kh1 {[%emt 0:01:16]} Qe8 {[%emt 0:01:28]} 37. Kg1 {[%emt 0:00:04]} Qg6 {[%emt 0:00:08]} 38. Kh1 {[%emt 0:00:32]} Re7 {[%emt 0:01:42]} 39. Kg1 {[%emt 0:00:18]} Ree8 {[%emt 0:00:19]} 40. Kh1 {[%emt 0:00:16]} a5 {[%emt 0:01:24]} 41. Kg1 {[%emt 0:00:17]} Rf8 {[%emt 0:00:59]} 42. Kh1 {[%emt 0:00:36]} Qg7 {[%emt 0:00:08]} 43. Kg1 {[%emt 0:00:29]} Bg3 {[%emt 0:01:01]} 44. Rxf8+ {[%emt 0:02:52]} Rxf8 {[%emt 0:00:07]} 45. Bf2 {[%emt 0:01:44]} Rxf2 {[%emt 0:00:14]} 46. Rxf2 {[%emt 0:00:22]} Qd4 {[%emt 0:00:09]} 0-1

[Event "NOR-ch Youth 2019"]
[Site "Skien"]
[Date "2019.11.10"]
[Round "7.4"]
[White "Nordquelle, Daniel"]
[Black "Fossan, Aleksander"]
[Result "1-0"]
[WhiteElo "2190"]
[BlackElo "2179"]
[Annotator "NA"]
[PlyCount "103"]
[EventDate "2019.11.08"]
[EventType "swiss"]
[EventCountry "NOR"]
[SourceTitle "playchess.com"]
[Source "ChessBase"]
[SourceQuality "1"]
[TimeControl "5400+30"]

1. e4 {[%emt 0:00:00]} c5 {[%emt 0:00:00]} 2. Nf3 {[%emt 0:00:00]} g6 {[%emt 0:00:19]} 3. c3 {[%emt 0:00:00]} Bg7 {[%emt 0:00:31]} 4. d4 {[%emt 0:00:05]} cxd4 {[%emt 0:00:04]} 5. cxd4 {[%emt 0:00:04]} d5 {[%emt 0:00:05]} 6. e5 {[%emt 0:00:04]} Bg4 {[%emt 0:00:04]} 7. Bb5+ {[%emt 0:00:26]} Nd7 {[%emt 0:00:23]} 8. O-O {[%emt 0:00:49]} e6 {[%emt 0:00:38]} 9. b3 {[%emt 0:18:40]} Ne7 {[%emt 0:00:55]} 10. Ba3 {[%emt 0:00:08]} O-O {[%emt 0:00:53]} 11. Nbd2 {[%emt 0:00:23]} a6 {[%emt 0:01:45]} 12. Be2 $11 {[%emt 0:12:21]} Re8 {[%emt 0:07:32]} 13. h3 {[%emt 0:00:09]} Bxf3 {[%emt 0:00:07]} 14. Nxf3 {[%emt 0:00:06]} Nc6 {[%emt 0:05:44]} 15. h4 {[%emt 0:08:32]} f6 {[%emt 0:04:58]} 16. exf6 {[%emt 0:03:08]} Nxf6 {[%emt 0:09:02]} 17. Re1 {[%emt 0:17:21]} Ne4 {[%emt 0:07:03]} 18. Bb2 {[%emt 0:01:51]} Qb6 {[%emt 0:04:11]} 19. Bd3 {[%emt 0:07:51]} Nd6 {[%emt 0:29:29]} 20. h5 {[%emt 0:03:03]} Nf5 {[%emt 0:00:39]} 21. hxg6 {[%emt 0:00:49]} hxg6 {[%emt 0:00:02]} 22. Bxf5 {[%emt 0:00:49]} exf5 {[%emt 0:00:34]} 23. Ne5 {[%emt 0:00:43]} Nxe5 {[%emt 0:11:22]} 24. dxe5 {[%emt 0:00:08]} Rad8 {[%emt 0:00:39]} 25. Bd4 {[%emt 0:00:43]} Qe6 {[%emt 0:00:50]} 26. Qd2 {[%emt 0:02:26]} Rc8 {[%emt 0:01:34]} 27. f4 {[%emt 0:01:12]} Bf8 {[%emt 0:00:53]} 28. Rac1 {[%emt 0:04:22]} Ba3 {[%emt 0:01:04]} 29. Rxc8 {[%emt 0:01:34]} Rxc8 {[%emt 0:00:02]} 30. Qf2 {[%emt 0:05:24]} Bb4 {[%emt 0:01:58]} 31. Rd1 {[%emt 0:00:33]} Kg7 {[%emt 0:01:12]} 32. Qe3 {[%emt 0:03:43]} Kf7 {[%emt 0:04:12]} 33. Kf1 {[%emt 0:01:30]} Qc6 {[%emt 0:01:14]} 34. Qh3 {[%emt 0:03:12]} Kg8 {[%emt 0:03:41]} 35. Qg3 {[%emt 0:01:37]} Rc7 {[%emt 0:01:27]} 36. Qf3 {[%emt 0:01:13]} Rh7 {[%emt 0:01:27]} 37. Bg1 {[%emt 0:01:36]} Rd7 {[%emt 0:00:44]} 38. Bd4 {[%emt 0:01:13]} Kf7 {[%emt 0:00:54]} 39. Qd3 {[%emt 0:00:23]} Ke6 {[%emt 0:00:24]} 40. Be3 {[%emt 0:00:44]} Ba3 {[%emt 0:00:40]} 41. Rd2 {[%emt 0:00:48]} Qc1+ {[%emt 0:00:25]} 42. Ke2 {[%emt 0:00:34]} Bb4 {[%emt 0:00:29]} 43. Rc2 {[%emt 0:00:27]} Qe1+ {[%emt 0:00:12]} 44. Kf3 {[%emt 0:00:03]} Qh1 {[%emt 0:01:03]} 45. Rc1 {[%emt 0:00:30]} Qh5+ {[%emt 0:00:12]} 46. Kf2 {[%emt 0:00:14]} Qh4+ {[%emt 0:00:39]} 47. Kg1 {[%emt 0:00:32]} Rh7 {[%emt 0:00:24]} 48. Qd4 {[%emt 0:00:20]} Qh1+ {[%emt 0:00:45]} 49. Kf2 {[%emt 0:00:03]} Qh4+ {[%emt 0:00:02]} 50. Kf1 {[%emt 0:00:17]} Qd8 {[%emt 0:00:32]} 51. Qxb4 {[%emt 0:00:24]} Rh1+ {[%emt 0:01:01]} 52. Bg1 {[%emt 0:00:14]} 1-0

[Event "NOR-ch Youth 2019"]
[Site "Skien"]
[Date "2019.11.10"]
[Round "7.5"]
[White "Holand, Per Fredrik"]
[Black "Leonhardsen, Vebjorn Maanum"]
[Result "1/2-1/2"]
[WhiteElo "1927"]
[BlackElo "1836"]
[Annotator "NA RC"]
[PlyCount "97"]
[EventDate "2019.11.08"]
[EventType "swiss"]
[EventCountry "NOR"]
[SourceTitle "playchess.com"]
[Source "ChessBase"]
[SourceQuality "1"]
[TimeControl "5400+30"]

1. c4 {[%emt 0:00:00]} e5 {[%emt 0:00:00]} 2. Nc3 {[%emt 0:00:22]} Nf6 {[%emt 0:00:18]} 3. Nf3 {[%emt 0:01:11]} d6 {[%emt 0:02:27]} 4. g3 {[%emt 0:02:54]} Be7 {[%emt 0:02:33]} 5. Bg2 {[%emt 0:00:06]} O-O {[%emt 0:01:41]} 6. O-O {[%emt 0:00:58]} h6 {[%emt 0:05:28]} 7. d3 {[%emt 0:05:43]} Nc6 {[%emt 0:01:56]} 8. Bd2 {[%emt 0:00:46]} Bg4 {[%emt 0:01:27]} 9. Rc1 {[%emt 0:01:45]} Qd7 {[%emt 0:01:53]} 10. Re1 {[%emt 0:05:36]} Rae8 {[%emt 0:07:59]} 11. Be3 {[%emt 0:04:07]} Nh5 {[%emt 0:07:31]} 12. d4 {[%emt 0:14:05]} e4 {[%emt 0:01:09]} 13. Nxe4 {[%emt 0:05:24]} f5 {[%emt 0:00:28]} 14. Nc3 {[%emt 0:00:11]} f4 {[%emt 0:01:39]} 15. Bd2 {[%emt 0:02:36]} g5 {[%emt 0:03:37]} 16. Nd5 {[%emt 0:12:28]} Bh3 {[%emt 0:06:40]} 17. Qc2 {[%emt 0:06:33]} Bf5 {[%emt 0:00:54]} 18. Qd1 {[%emt 0:00:52]} Bh3 {[%emt 0:05:23]} 19. Bc3 {[%emt 0:10:00]} Bd8 {[%emt 0:02:14]} 20. Qc2 {[%emt 0:03:04]} Bf5 {[%emt 0:00:46]} 21. Qd1 {[%emt 0:02:14]} Be4 {[%emt 0:01:11]} 22. Ne5 {[%emt 0:14:47]} dxe5 {[%emt 0:03:48]} 23. Bxe4 {[%emt 0:00:10]} Qf7 {[%emt 0:06:46]} 24. dxe5 {[%emt 0:03:53]} Nxe5 {[%emt 0:07:38]} 25. Bxe5 {[%emt 0:00:36]} Rxe5 {[%emt 0:00:05]} 26. Bf3 {[%emt 0:00:38]} g4 {[%emt 0:03:38]} 27. Bxg4 {[%emt 0:01:51]} Rg5 {[%emt 0:00:18]} 28. Bxh5 {[%emt 0:00:33]} Qxh5 {[%emt 0:00:58]} 29. Qd4 {[%emt 0:00:28]} Rg4 {[%emt 0:02:30]} 30. Qd3 {[%emt 0:00:31]} Bg5 {[%emt 0:05:14]} 31. Rcd1 {[%emt 0:00:27]} c6 {[%emt 0:02:02]} 32. Nc3 {[%emt 0:00:18]} Qf7 {[%emt 0:02:24]} 33. Rf1 {[%emt 0:00:47]} h5 {[%emt 0:00:12]} 34. Ne4 {[%emt 0:00:12]} Be7 {[%emt 0:00:34]} 35. Nd6 {[%emt 0:00:46]} Bxd6 {[%emt 0:01:56]} 36. Qxd6 {[%emt 0:00:05]} Rg6 {[%emt 0:02:45]} 37. Qd3 {[%emt 0:00:58]} h4 {[%emt 0:00:24]} 38. Kg2 {[%emt 0:00:17]} Qe6 {[%emt 0:01:25]} 39. b3 {[%emt 0:00:37]} Rh6 {[%emt 0:02:13]} 40. Rh1 {[%emt 0:00:22]} Qg4 {[%emt 0:01:45]} 41. Qf3 {[%emt 0:00:29]} Qg5 {[%emt 0:02:46]} 42. Qd3 {[%emt 0:00:42]} Qg4 {[%emt 0:01:00]} 43. h3 {[%emt 0:00:31]} Qe6 {[%emt 0:01:46]} 44. g4 {[%emt 0:00:17]} Rhf6 {[%emt 0:00:09]} 45. f3 {[%emt 0:00:23]} Qe8 {[%emt 0:00:45]} 46. Rhe1 {[%emt 0:00:22]} Re6 {[%emt 0:00:05]} 47. Rd2 {[%emt 0:00:28]} Re3 {[%emt 0:00:14]} 48. Qd7 {[%emt 0:00:44]} Qe5 {[%emt 0:00:21]} 49. Qd4 {[%emt 0:00:46]} 1/2-1/2

[Event "NOR-ch Youth 2019"]
[Site "Skien"]
[Date "2019.11.10"]
[Round "7.6"]
[White "Opseth, Oliver"]
[Black "Carlin, Tormod"]
[Result "1-0"]
[WhiteElo "1795"]
[BlackElo "1566"]
[Annotator "NA"]
[PlyCount "111"]
[EventDate "2019.11.08"]
[EventType "swiss"]
[EventCountry "NOR"]
[SourceTitle "playchess.com"]
[Source "ChessBase"]
[SourceQuality "1"]
[TimeControl "5400+30"]

1. e4 {[%emt 0:00:00]} c5 {[%emt 0:00:00]} 2. Nf3 {[%emt 0:00:00]} g6 {[%emt 0:01:09]} 3. d4 {[%emt 0:02:16]} cxd4 {[%emt 0:00:08]} 4. Qxd4 {[%emt 0:00:29]} f6 {[%emt 0:03:19]} 5. Bc4 {[%emt 0:01:26]} Nc6 {[%emt 0:00:11]} 6. Qd3 {[%emt 0:00:55]} Bg7 {[%emt 0:00:54]} 7. O-O {[%emt 0:01:51]} Ne5 {[%emt 0:00:25]} 8. Nxe5 {[%emt 0:00:53]} fxe5 {[%emt 0:00:06]} 9. Nc3 {[%emt 0:02:07]} Nf6 {[%emt 0:00:08]} 10. Bg5 {[%emt 0:04:47]} d6 {[%emt 0:12:13]} 11. Rad1 {[%emt 0:01:38]} Bd7 {[%emt 0:04:38]} 12. Bxf6 {[%emt 0:02:41]} Bxf6 {[%emt 0:00:41]} 13. Qd5 {[%emt 0:00:21]} Rf8 {[%emt 0:02:17]} 14. Qxb7 {[%emt 0:03:18]} Rc8 {[%emt 0:10:39]} 15. Bb5 {[%emt 0:03:03]} Rc7 {[%emt 0:02:10]} 16. Qa6 {[%emt 0:03:06]} Kf7 {[%emt 0:02:58]} 17. Nd5 {[%emt 0:01:15]} Bxb5 {[%emt 0:02:19]} 18. Qxb5 {[%emt 0:00:23]} Rxc2 {[%emt 0:00:48]} 19. Qb3 {[%emt 0:00:29]} Rc5 {[%emt 0:04:05]} 20. Nc7+ {[%emt 0:00:58]} d5 {[%emt 0:06:59]} 21. Nxd5 {[%emt 0:01:20]} e6 {[%emt 0:02:55]} 22. Qb7+ {[%emt 0:04:53]} Kg8 {[%emt 0:03:53]} 23. Qxa7 {[%emt 0:00:30]} Qa5 {[%emt 0:03:51]} 24. Nxf6+ {[%emt 0:01:16]} Rxf6 {[%emt 0:00:19]} 25. Qe7 {[%emt 0:00:42]} Rf7 {[%emt 0:01:16]} 26. Qxe6 {[%emt 0:02:24]} Qc7 {[%emt 0:02:02]} 27. b4 {[%emt 0:01:12]} Rc6 {[%emt 0:00:40]} 28. Qd5 {[%emt 0:00:30]} Kg7 {[%emt 0:00:36]} 29. a4 {[%emt 0:01:14]} Rc2 {[%emt 0:00:47]} 30. b5 {[%emt 0:01:50]} Qa7 {[%emt 0:00:39]} 31. Qxe5+ {[%emt 0:00:35]} Kh6 {[%emt 0:00:18]} 32. Qd4 {[%emt 0:02:11]} Qe7 {[%emt 0:05:02]} 33. Rd3 {[%emt 0:02:54]} Rc5 {[%emt 0:01:57]} 34. Rh3+ {[%emt 0:02:43]} Rh5 {[%emt 0:01:17]} 35. Rxh5+ {[%emt 0:01:28]} gxh5 {[%emt 0:00:07]} 36. e5 {[%emt 0:00:17]} Rg7 {[%emt 0:00:33]} 37. Qd6+ {[%emt 0:00:13]} Qxd6 {[%emt 0:00:15]} 38. exd6 {[%emt 0:00:03]} h4 {[%emt 0:00:45]} 39. h3 {[%emt 0:00:15]} Kh5 {[%emt 0:00:10]} 40. Rd1 {[%emt 0:00:22]} Rd7 {[%emt 0:01:24]} 41. b6 {[%emt 0:00:08]} h6 {[%emt 0:00:15]} 42. b7 {[%emt 0:00:21]} Rxb7 {[%emt 0:00:05]} 43. d7 {[%emt 0:00:03]} Ra7 {[%emt 0:00:35]} 44. d8=Q {[%emt 0:00:11]} Ra5 {[%emt 0:00:48]} 45. Qxa5+ {[%emt 0:00:11]} Kg6 {[%emt 0:00:13]} 46. Qb6+ {[%emt 0:00:03]} Kf5 {[%emt 0:00:27]} 47. Qxh6 {[%emt 0:00:04]} Ke4 {[%emt 0:00:22]} 48. Qxh4+ {[%emt 0:00:08]} Ke5 {[%emt 0:00:33]} 49. a5 {[%emt 0:00:15]} Kf5 {[%emt 0:00:53]} 50. a6 {[%emt 0:00:07]} Kg6 {[%emt 0:00:07]} 51. a7 {[%emt 0:00:07]} Kf5 {[%emt 0:00:03]} 52. a8=B {[%emt 0:00:05]} Ke6 {[%emt 0:00:14]} 53. Rd6+ {[%emt 0:00:09]} Kf5 {[%emt 0:00:38]} 54. Qe4+ {[%emt 0:00:10]} Kg5 {[%emt 0:00:04]} 55. Rg6+ {[%emt 0:00:06]} Kh5 {[%emt 0:00:38]} 56. Qg4# {[%emt 0:00:05]} 1-0